Statistics for SNL Cast Members - Season 5

Click here to take the quiz!

General Stats

  • This quiz has been taken 4 times
  • The average score is 9 of 15

Answer Stats

Popular Sketches/CharactersCast Member% Correct
Lester CrackfieldAl Franken
100%
The Bel-AirabsBill Murray
75%
The Bel-AirabsDon Novello
75%
Chico EscuelaGarrett Morris
75%
The Bel-AirabsGilda Radner
75%
Iris De FlaminoJane Curtin
75%
The Bel-AirabsLaraine Newman
75%
The Davis and Franken ShowTom Davis
75%
Colonel Tom ParkerBrian Doyle-Murray
50%
Tom ClayHarry Shearer
50%
Don KirshnerPaul Shaffer
50%
Sports InjuryAlan Zweibel
25%
Rock Against YeastJim Downey
25%
Java JunkiePeter Aykroyd
25%
Rock Against YeastTom Schiller
25%

Score Distribution

Percentile by Number Answered

Percent of People with Each Score

Your Score History

You have not taken this quiz